000 00853pam a2200277 a 4500
001 3230
005 20250331113354.0
020 _a0590266853
040 _aDLC
_cDLC
_dDLC
_beng
050 0 0 _aPZ7.H672
_b 1996
082 0 0 _a813.6
100 1 _aHoff, Syd
_d1912-2004.
245 1 0 _aDanny and the dinosaur go to camp /
_cstory and pictures by Hoff, Syd
250 _aFirst Scolastic printing , May 1999
260 _aNew York :
_bScholastc,
_c1996
300 _a32 pages "
_bcolor illustrations ;
_c23 cm.
490 _a Danny and the Dinosaur
505 _aI
520 _aDanny and his friend the dinosaur go to summer camp together.
521 _a440
_bLexile
521 _aI
_bRaz-Plus
650 1 _aDinosaurs
_xFiction
650 1 _aCamps
_xFiction
906 _a7
_bcbc
_corignew
_d1
_eocip
_f19
_gy-gencatlg
942 _2ddc
_cBK
_n0
999 _c3230
_d3230